| 000 | 00449nam a2200157 4500 | ||
|---|---|---|---|
| 001 | 45154 | ||
| 090 | _a45154 | ||
| 100 | _a20251117 pory50 | ||
| 101 | _apor | ||
| 102 | _aPT | ||
| 200 |
_aCurso prático de Corte e Costura _epelo método profisssional françês _forg. e prod. F. Baptista de Oliveira |
||
| 210 |
_a[Lisboa] _cCentro de Estudos por Correspondência _d[S.d.] |
||
| 215 | _av. | ||
| 675 | _a746.4(03) | ||
| 801 |
_aPT _gRPC |
||
| 990 | _cLIVROS | ||